[Event "XXIII Festival A"]
[Site "Porto San Giorgio ITA"]
[Date "2011.08.26"]
[Round "7"]
[White "Banusz, Tamas"]
[Black "Romanishin, Oleg M."]
[Result "1-0"]
[WhiteElo "2554"]
[BlackElo "2526"]
[PlyCount "83"]
[EventDate "2011.08.21"]

1. c4 e5 2. g3 Nf6 3. Bg2 d5 4. cxd5 Nxd5 5. Nc3 Nb6 6. Nf3 Nc6 7. O-O Be7 8.
a3 Be6 9. b4 Nd4 10. Rb1 Nxf3+ 11. Bxf3 c6 12. d3 O-O 13. Qc2 Rc8 14. Be3 Nd5
15. Bc5 b6 16. Bxe7 Qxe7 17. Rfc1 Nf6 18. Ne4 Nxe4 19. Bxe4 c5 20. Qb2 cxb4 21.
axb4 Rxc1+ 22. Rxc1 Rc8 23. Rxc8+ Bxc8 24. Qc3 Bh3 25. f3 g6 26. Bd5 h5 27. Kf2
Kg7 28. b5 Qc5+ 29. Qxc5 bxc5 30. Ke3 Bd7 31. Bc4 f5 32. f4 Kf6 33. h4 Be8 34.
Kd2 Bd7 35. Kc3 Be8 36. Kb3 e4 37. Ka4 a6 38. Ka5 axb5 39. Bxb5 Bf7 40. Bc4
exd3 41. exd3 Be8 42. Kb6 1-0

[Event "XXIII Festival A"]
[Site "Porto San Giorgio ITA"]
[Date "2011.08.26"]
[Round "7"]
[White "Barlocco, Carlo"]
[Black "Zamengo, Fulvio"]
[Result "0-1"]
[WhiteElo "2135"]
[BlackElo "2007"]
[PlyCount "112"]
[EventDate "2011.08.21"]

1. c4 c5 2. Nc3 Nf6 3. g3 g6 4. Bg2 Bg7 5. a3 Nc6 6. Rb1 e6 7. b4 cxb4 8. axb4
d5 9. b5 Ne5 10. cxd5 exd5 11. Nf3 Nxf3+ 12. Bxf3 O-O 13. O-O Bf5 14. d3 Re8
15. Bg5 d4 16. Ne4 Bxe4 17. Bxe4 Qb6 18. Bf3 Re5 19. Bf4 Rc5 20. Qa4 Nd5 21.
Bxd5 Rxd5 22. Rfc1 Be5 23. Bh6 Bg7 24. Qc4 Bxh6 25. Qxd5 Bxc1 26. Rxc1 Rd8 27.
Qc5 Qxc5 28. Rxc5 a6 29. bxa6 bxa6 30. Rc6 a5 31. Ra6 Rd5 32. Kf1 g5 33. Ke1 g4
34. Kd2 Rf5 35. Rd6 Rxf2 36. Rxd4 h5 37. Rd5 Rxh2 38. Rxa5 Kg7 39. Ke3 Kg6 40.
Re5 f6 41. Re8 Rg2 42. d4 Rxg3+ 43. Kf4 Rg2 44. d5 Kf7 45. Rh8 Rf2+ 46. Kg3 Rf5
47. e4 Rf3+ 48. Kg2 Re3 49. Rxh5 Ke7 50. Rf5 Rxe4 51. Kg3 Rd4 52. Kh4 Kf7 53.
Rf1 Kg6 54. Ra1 Kf5 55. Rg1 Ke5 56. Rxg4 Kxd5 0-1

[Event "XXIII Festival A"]
[Site "Porto San Giorgio ITA"]
[Date "2011.08.26"]
[Round "7"]
[White "Barnabei, Stefano"]
[Black "Paniga, Danilo"]
[Result "1-0"]
[WhiteElo "1759"]
[BlackElo "1858"]
[PlyCount "61"]
[EventDate "2011.08.21"]

1. e4 d6 2. d4 Nf6 3. Bd3 e5 4. d5 c5 5. dxc6 Nxc6 6. Nc3 Be7 7. Nge2 O-O 8.
O-O a6 9. a3 b5 10. h3 Bb7 11. Be3 Qc7 12. Qd2 Na5 13. f3 Rfd8 14. Kh1 d5 15.
exd5 Nxd5 16. Nxd5 Bxd5 17. Qc3 Qxc3 18. Nxc3 Be6 19. Bb6 Nc4 20. Bxd8 Rxd8 21.
Bxc4 Bxc4 22. Rfd1 Kf8 23. Rxd8+ Bxd8 24. Rd1 Ke8 25. Ne4 Ke7 26. Nc5 a5 27. b3
Be2 28. Re1 Bb6 29. Ne4 f5 30. Nc3 b4 31. Nd5+ 1-0

[Event "XXIII Festival A"]
[Site "Porto San Giorgio ITA"]
[Date "2011.08.26"]
[Round "7"]
[White "Bellincampi, Stefano"]
[Black "Burani, Eugenio"]
[Result "1-0"]
[WhiteElo "2067"]
[BlackElo "1943"]
[PlyCount "91"]
[EventDate "2011.08.21"]

1. e4 c5 2. c3 Nf6 3. e5 Nd5 4. Nf3 Nc6 5. d4 cxd4 6. cxd4 d6 7. Bc4 e6 8. O-O
Be7 9. Qe2 O-O 10. Re1 Bd7 11. Nc3 Nxc3 12. bxc3 dxe5 13. dxe5 Qc7 14. Qe4 Na5
15. Bd3 g6 16. Bg5 Bxg5 17. Nxg5 h6 18. Nh3 Qd8 19. Re3 Kh7 20. Rg3 Rg8 21. Nf4
Bc6 22. Qe2 Qh4 23. Rg4 Qe7 24. Qe3 Be8 25. h4 Nc6 26. h5 Qf8 27. hxg6+ fxg6
28. Nh5 Rh8 29. Nf6+ Kg7 30. Qg3 Ne7 31. Be4 Nf5 32. Qf3 h5 33. Rg5 Kh6 34. Qf4
Kg7 35. Rb1 Rb8 36. Bxf5 exf5 37. Qxf5 Kh6 38. Qf4 Kg7 39. Qe4 Qf7 40. Nxe8+
Rhxe8 41. f4 Kh6 42. Qe3 Qxa2 43. Rf1 Rbd8 44. f5 Qd2 45. Rxg6+ Kh7 46. Qf3 1-0

[Event "XXIII Festival A"]
[Site "Porto San Giorgio ITA"]
[Date "2011.08.26"]
[Round "7"]
[White "Bentivegna, Francesco"]
[Black "Mastroddi, Emiliano"]
[Result "1-0"]
[WhiteElo "2330"]
[BlackElo "2083"]
[PlyCount "121"]
[EventDate "2011.08.21"]

1. e4 d5 2. exd5 Qxd5 3. Nc3 Qa5 4. Bc4 Nf6 5. d3 c6 6. Bd2 Qc7 7. Qe2 Bf5 8.
Nf3 e6 9. h3 Nbd7 10. Nh4 Bg6 11. O-O-O O-O-O 12. f4 Bd6 13. Qf3 Nb6 14. Bb3
Nbd5 15. Nxd5 Nxd5 16. f5 Bxf5 17. Nxf5 exf5 18. Qxf5+ Qd7 19. Rhf1 Qxf5 20.
Rxf5 f6 21. Bxd5 cxd5 22. Rxd5 Rhe8 23. Rd4 Re2 24. Rg4 g5 25. Re1 Rxe1+ 26.
Bxe1 Bf4+ 27. Bd2 h5 28. Rxf4 gxf4 29. Bxf4 h4 30. g4 hxg3 31. Bxg3 Rg8 32. Bf2
a6 33. Kd2 Kd7 34. Ke2 Ke6 35. Kf3 Kf5 36. c4 Rc8 37. b3 Rc7 38. d4 Rd7 39. d5
Rd8 40. Bg3 b5 41. Ke3 bxc4 42. bxc4 Rg8 43. Bf2 Ke5 44. Kd3 f5 45. Be1 Re8 46.
h4 f4 47. h5 Kd6 48. Bb4+ Kd7 49. Bd2 f3 50. Be3 Kd6 51. h6 Rh8 52. Ke4 f2 53.
c5+ Kd7 54. Bxf2 Rxh6 55. Bg3 a5 56. a4 Rg6 57. Bf4 Rg1 58. c6+ Kc8 59. d6 Rd1
60. Kf5 Rd3 61. Ke4 1-0

[Event "XXIII Festival A"]
[Site "Porto San Giorgio ITA"]
[Date "2011.08.26"]
[Round "7"]
[White "Bighiu, Gheorghe"]
[Black "Luzi, Alessandro"]
[Result "0-1"]
[WhiteElo "2062"]
[BlackElo "1920"]
[PlyCount "102"]
[EventDate "2011.08.21"]

1. e3 c6 2. f4 d5 3. Nf3 g6 4. g3 Bg7 5. Bg2 Nf6 6. O-O O-O 7. d3 Bf5 8. h3 Ne8
9. g4 Bc8 10. c4 dxc4 11. dxc4 Qxd1 12. Rxd1 Nd6 13. Nbd2 Be6 14. c5 Nc4 15.
Nxc4 Bxc4 16. e4 Na6 17. Be3 Rfd8 18. e5 Nb4 19. b3 Bd5 20. Ne1 e6 21. a3 Na6
22. Bxd5 exd5 23. Bd4 Nc7 24. f5 Re8 25. Nf3 Nb5 26. Bb2 a5 27. b4 Nc7 28. Rac1
axb4 29. axb4 Ra4 30. Bc3 Nb5 31. e6 Bf8 32. Be1 Ra3 33. Kg2 Rea8 34. Rc2 Ra2
35. Rxa2 Rxa2+ 36. Kg3 Ra3 37. Kf4 Nc7 38. Kg3 Nxe6 39. h4 Bh6 40. g5 Bxg5 41.
hxg5 Nxg5 42. b5 Nxf3 43. Bb4 Rb3 44. bxc6 Ne5+ 45. Kf2 bxc6 46. Ra1 Ng4+ 47.
Kg1 Nf6 48. Bd2 Kg7 49. Rf1 Ne4 50. Bf4 f6 51. Rc1 Kf7 0-1

[Event "XXIII Festival A"]
[Site "Porto San Giorgio ITA"]
[Date "2011.08.26"]
[Round "7"]
[White "Bolog, Iacint"]
[Black "De Felice, Michele"]
[Result "1/2-1/2"]
[WhiteElo "1959"]
[BlackElo "1870"]
[PlyCount "113"]
[EventDate "2011.08.21"]

1. e4 d5 2. e5 c5 3. d3 Nc6 4. f4 e6 5. Nf3 Nge7 6. Be2 Nf5 7. O-O Be7 8. Nc3
O-O 9. a3 a6 10. Re1 b5 11. Bf1 Bb7 12. Ne2 Qb6 13. Kh1 Rad8 14. Ng3 Nxg3+ 15.
hxg3 d4 16. Nd2 f5 17. exf6 Rxf6 18. Ne4 Rh6+ 19. Kg1 Rg6 20. Qh5 Rd5 21. Qf3
Qd8 22. Bd2 Qf8 23. Be2 Rf5 24. Qf2 Ne5 25. Bf3 Ng4 26. Qe2 h5 27. Nf2 Bxf3 28.
Qxf3 Nxf2 29. Kxf2 Bd6 30. Rh1 Rgf6 31. Rxh5 Rxh5 32. Qxh5 e5 33. Re1 Rf5 34.
Qg6 Rf6 35. Qe4 exf4 36. g4 g6 37. g5 Rf5 38. Qe6+ Kg7 39. Qd7+ Rf7 40. Qc6 Rf5
41. Qd7+ Rf7 42. Qh3 Qh8 43. Qg4 Qh2 44. Qh3 Qg3+ 45. Kg1 Qxg5 46. Re6 Rf6 47.
Re8 Bf8 48. Qf3 Qh5 49. Qb7+ Rf7 50. Qxa6 f3 51. Be1 fxg2 52. Kxg2 Qf3+ 53. Kh2
Qh5+ 54. Kg2 Qf3+ 55. Kh2 Be7 56. Qe6 Qh5+ 57. Kg2 1/2-1/2

[Event "XXIII Festival A"]
[Site "Porto San Giorgio ITA"]
[Date "2011.08.26"]
[Round "7"]
[White "Bruno, Fabio"]
[Black "Esposito, Luca"]
[Result "1-0"]
[WhiteElo "2466"]
[BlackElo "2235"]
[PlyCount "57"]
[EventDate "2011.08.21"]

1. d4 Nf6 2. Nf3 c5 3. d5 b5 4. c4 b4 5. Qc2 d6 6. e4 g6 7. Bd3 Bg7 8. h3 O-O
9. O-O e6 10. Bg5 h6 11. Be3 exd5 12. exd5 Nbd7 13. Nbd2 Re8 14. Rfe1 Ne5 15.
Nxe5 Rxe5 16. Bf4 Rxe1+ 17. Rxe1 Qc7 18. a3 Rb8 19. axb4 Rxb4 20. b3 Bd7 21.
Bxg6 fxg6 22. Qxg6 Be8 23. Rxe8+ Nxe8 24. Qxe8+ Bf8 25. Bxh6 Qf7 26. Qe3 Rb8
27. Ne4 Be7 28. Qg3+ Kh7 29. Bg5 1-0

[Event "XXIII Festival A"]
[Site "Porto San Giorgio ITA"]
[Date "2011.08.26"]
[Round "7"]
[White "Cafaro, Luca"]
[Black "Bondielli, Giorgio"]
[Result "1/2-1/2"]
[WhiteElo "1774"]
[BlackElo "1885"]
[PlyCount "49"]
[EventDate "2011.08.21"]

1. e4 e5 2. Nf3 Nf6 3. Nxe5 d6 4. Nf3 Nxe4 5. Nc3 Nxc3 6. dxc3 Be7 7. Be3 Nd7
8. Qd2 Nf6 9. O-O-O Be6 10. Kb1 Qd7 11. Nd4 O-O-O 12. Nxe6 fxe6 13. Bxa7 Qa4
14. Qe3 Kd7 15. Re1 e5 16. Bd4 Ra8 17. a3 Rhe8 18. Bxe5 dxe5 19. Qxe5 Ra5 20.
Qd4+ Qxd4 21. cxd4 Bd6 22. Rxe8 Kxe8 23. f3 Kf8 24. Bd3 Ra8 25. Kc1 1/2-1/2

[Event "XXIII Festival A"]
[Site "Porto San Giorgio ITA"]
[Date "2011.08.26"]
[Round "7"]
[White "Calabrese, Maurizio"]
[Black "Trent, Alan M."]
[Result "1-0"]
[WhiteElo "1567"]
[BlackElo "1800"]
[PlyCount "45"]
[EventDate "2011.08.21"]

1. e4 g6 2. Bc4 c6 3. Nc3 Bg7 4. Nge2 b5 5. Bb3 Nf6 6. O-O Ba6 7. e5 Ng4 8. d4
O-O 9. Ne4 d6 10. f4 d5 11. Nc5 Bc8 12. Qd3 Bf5 13. Qf3 h5 14. Ng3 Bc8 15. h3
Nh6 16. Nxh5 gxh5 17. Qxh5 Bf5 18. g4 Bg6 19. Qh4 e6 20. Qxd8 Rxd8 21. Nb7 Rf8
22. Na5 Nd7 23. f5 1-0

[Event "XXIII Festival A"]
[Site "Porto San Giorgio ITA"]
[Date "2011.08.26"]
[Round "7"]
[White "Carnicelli, Flavio"]
[Black "Splendiani, Francesco"]
[Result "1-0"]
[WhiteElo "1904"]
[BlackElo "2000"]
[PlyCount "47"]
[EventDate "2011.08.21"]

1. e4 c6 2. d4 d5 3. Nc3 dxe4 4. Nxe4 g6 5. h3 Bg7 6. Nf3 Nd7 7. Bc4 e6 8. Nd6+
Kf8 9. Ng5 Nh6 10. b3 Nb6 11. Ba3 Kg8 12. Qd2 Nxc4 13. bxc4 Bf8 14. c5 Nf5 15.
Nge4 Nxd6 16. Nxd6 b5 17. O-O a5 18. Qf4 Bxd6 19. cxd6 f6 20. Bc5 h5 21. Qe4
Bd7 22. Qxg6+ Kf8 23. Rfe1 Qe8 24. Qxf6+ 1-0

[Event "XXIII Festival A"]
[Site "Porto San Giorgio ITA"]
[Date "2011.08.26"]
[Round "7"]
[White "Carnicelli, Valerio"]
[Black "Di Donatantonio, Franco"]
[Result "0-1"]
[WhiteElo "1898"]
[BlackElo "2143"]
[PlyCount "50"]
[EventDate "2011.08.21"]

1. e4 d6 2. d4 Nf6 3. Nc3 Nbd7 4. Be3 e5 5. f3 Be7 6. g4 h6 7. Qd2 c6 8. O-O-O
b5 9. Nce2 c5 10. dxc5 Nxc5 11. Ng3 a6 12. h4 Be6 13. g5 Nfd7 14. Kb1 hxg5 15.
hxg5 Rxh1 16. Nxh1 Qc7 17. Ng3 g6 18. f4 exf4 19. Bxf4 Ne5 20. Qh2 O-O-O 21.
Bh3 Bxh3 22. Qxh3+ Kb7 23. N1e2 Ne6 24. Qh6 Qc8 25. Rg1 Rh8 0-1

[Event "XXIII Festival A"]
[Site "Porto San Giorgio ITA"]
[Date "2011.08.26"]
[Round "7"]
[White "Ciampi, Vincenzo"]
[Black "Movileanu, Daniela"]
[Result "1-0"]
[WhiteElo "2101"]
[BlackElo "1931"]
[PlyCount "89"]
[EventDate "2011.08.21"]

1. d4 g6 2. e4 Bg7 3. Nc3 d6 4. Be3 a6 5. f3 Nd7 6. Qd2 b5 7. Nge2 Bb7 8. d5
Ne5 9. Nd4 Rc8 10. a4 Nc4 11. Bxc4 bxc4 12. O-O c5 13. dxc6 Bxc6 14. a5 Qd7 15.
Rfd1 Nf6 16. Nxc6 Qxc6 17. Bd4 Nh5 18. g4 Nf6 19. Nd5 Qb7 20. Nxf6+ exf6 21. g5
h5 22. Bxf6 Bxf6 23. gxf6 Rd8 24. e5 Qxf3 25. exd6 Qxf6 26. d7+ Kf8 27. Qd6+
Qxd6 28. Rxd6 Ke7 29. Rxa6 Kxd7 30. Ra7+ Kc6 31. Rxf7 Rhf8 32. Rxf8 Rxf8 33. a6
Kd5 34. a7 Ra8 35. Ra6 Kc5 36. h4 Kd4 37. Kf2 Ke4 38. Kg3 Ke3 39. b3 cxb3 40.
cxb3 Kd4 41. Kf4 Kc3 42. Ke5 Kxb3 43. Kd6 g5 44. hxg5 h4 45. Kc7 1-0

[Event "XXIII Festival A"]
[Site "Porto San Giorgio ITA"]
[Date "2011.08.26"]
[Round "7"]
[White "Consalvo, Gerardo"]
[Black "Borgiani, Flavio"]
[Result "1/2-1/2"]
[WhiteElo "2012"]
[BlackElo "2156"]
[PlyCount "177"]
[EventDate "2011.08.21"]

1. e4 e6 2. Nf3 c5 3. Qe2 Nc6 4. g3 g6 5. Bg2 Bg7 6. O-O Nge7 7. Rd1 O-O 8. c3
d5 9. exd5 exd5 10. d4 cxd4 11. Nxd4 Nxd4 12. cxd4 Nc6 13. Be3 Re8 14. Qd2 Bg4
15. Rc1 Rc8 16. Nc3 Be6 17. b4 Nxb4 18. Rcb1 Nc6 19. Rxb7 Na5 20. Rxa7 Qb6 21.
Nb5 Nc6 22. Rxf7 Bxf7 23. Nd6 Bxd4 24. Nxf7 Rxe3 25. Bxd5 Kg7 26. Rc1 Qb2 27.
Rc2 Qb4 28. Qxb4 Nxb4 29. Rxc8 Re1+ 30. Kg2 Nxd5 31. Rd8 Bb6 32. Rxd5 Kxf7 33.
Rd7+ Ke6 34. Rd2 h5 35. Rb2 Bc5 36. Rc2 Kd5 37. Rd2+ Bd4 38. Rc2 g5 39. Rc8 g4
40. Rf8 Re2 41. a4 Ra2 42. a5 Ke5 43. h3 Bc5 44. Rf4 Be3 45. Rf8 gxh3+ 46. Kxh3
Bxf2 47. Rh8 Ke4 48. Rxh5 Ra3 49. Rh4+ Ke5 50. Rh5+ Kf6 51. Kg2 Kg6 52. Rb5
Bxg3 53. a6 Bf4 54. a7 Rxa7 55. Kf3 Ra4 56. Rd5 Kf6 57. Rb5 Be5 58. Rb7 Kf5 59.
Rf7+ Bf6 60. Rb7 Ra3+ 61. Ke2 Ke4 62. Kf2 Ra2+ 63. Kg3 Be5+ 64. Kh3 Rh2+ 65.
Kg4 Rg2+ 66. Kh3 Rg8 67. Rb4+ Kf5 68. Ra4 Rg3+ 69. Kh4 Rg2 70. Ra3 Rh2+ 71. Rh3
Bf6+ 72. Kg3 Be5+ 73. Kh4 Rg2 74. Rf3+ Bf4 75. Rb3 Rh2+ 76. Rh3 Bg5+ 77. Kg3
Re2 78. Rh7 Bf4+ 79. Kf3 Re3+ 80. Kf2 Ke4 81. Re7+ Be5 82. Kg2 Re2+ 83. Kh3 Kf5
84. Rf7+ Kg5 85. Rf2 Re3+ 86. Kg2 Kg4 87. Rf8 Rg3+ 88. Kf2 Rh3 89. Rg8+ 1/2-1/2

[Event "XXIII Festival A"]
[Site "Porto San Giorgio ITA"]
[Date "2011.08.26"]
[Round "7"]
[White "Conti, Ferdinando"]
[Black "Di Muccio, Lindoro"]
[Result "0-1"]
[WhiteElo "1800"]
[BlackElo "1964"]
[PlyCount "76"]
[EventDate "2011.08.21"]

1. b4 c6 2. Bb2 Qb6 3. a3 a5 4. e3 axb4 5. axb4 Rxa1 6. Bxa1 Qxb4 7. Nf3 d6 8.
c4 Bf5 9. Nc3 Nf6 10. Nd4 Bd7 11. Bd3 e5 12. Nc2 Qa5 13. O-O Be7 14. Qe2 O-O
15. Bb2 Na6 16. Ra1 Qc7 17. Ne4 Nxe4 18. Bxe4 Nc5 19. Bf3 Qb6 20. d4 Qxb2 21.
dxc5 dxc5 22. Qd1 Rd8 23. Rb1 Qa2 24. Ra1 Qxc4 25. Be2 Qd5 26. Qf1 Qb3 27. Bd1
Qb2 28. e4 Be6 29. Ra7 Kf8 30. Ne3 b5 31. g3 c4 32. Qe1 Bb4 33. Qf1 Bc5 34. Rb7
Bxe3 35. fxe3 Qd2 36. Bg4 Qxe3+ 37. Kh1 Qxe4+ 38. Bf3 Qd4 0-1

[Event "XXIII Festival A"]
[Site "Porto San Giorgio ITA"]
[Date "2011.08.26"]
[Round "7"]
[White "Cornaggia, Ranieri"]
[Black "Cocuzzi, Edoardo"]
[Result "1/2-1/2"]
[WhiteElo "2079"]
[BlackElo "1926"]
[PlyCount "93"]
[EventDate "2011.08.21"]

1. e4 e5 2. Nf3 Nc6 3. Bb5 a6 4. Ba4 b5 5. Bb3 Bc5 6. c3 d6 7. d3 h6 8. Nbd2
Be6 9. Bxe6 fxe6 10. Nb3 Bb6 11. d4 exd4 12. Nfxd4 Nxd4 13. Qh5+ Kd7 14. cxd4
Nf6 15. Qg6 Qe7 16. O-O Raf8 17. e5 Nd5 18. Bd2 Nf4 19. Bxf4 Rxf4 20. Rad1 Rhf8
21. Rd2 R4f5 22. exd6 cxd6 23. Qg3 Qf6 24. Nc5+ Bxc5 25. dxc5 Qe5 26. Rxd6+ Ke7
27. Qxe5 Rxe5 28. b4 a5 29. Rb6 axb4 30. Rxb5 Ra8 31. Rxb4 Rxa2 32. Rb7+ Kf6
33. c6 Rc2 34. c7 Rec5 35. g3 Rxc7 36. Rxc7 Rxc7 37. Kg2 e5 38. Ra1 h5 39. Ra6+
Kf5 40. h4 g6 41. Ra8 Rf7 42. Ra5 Ke6 43. Ra6+ Kf5 44. f3 Re7 45. Ra5 Kf6 46.
Ra4 Rd7 47. Ra2 1/2-1/2

[Event "XXIII Festival A"]
[Site "Porto San Giorgio ITA"]
[Date "2011.08.26"]
[Round "7"]
[White "Crafa, Carmine"]
[Black "Di Pietro, Gabriele"]
[Result "0-1"]
[WhiteElo "1805"]
[BlackElo "1840"]
[PlyCount "76"]
[EventDate "2011.08.21"]

1. e4 Nf6 2. e5 Nd5 3. d4 d6 4. c4 Nb6 5. f4 dxe5 6. fxe5 Nc6 7. Be3 Bf5 8. Nc3
e6 9. Nf3 Be7 10. d5 exd5 11. cxd5 Nb4 12. Nd4 Bd7 13. e6 fxe6 14. dxe6 Bc6 15.
Qg4 Bh4+ 16. g3 Bxh1 17. O-O-O Qf6 18. gxh4 O-O 19. Bb5 c6 20. Be2 Qe5 21. Bg5
N6d5 22. Rxh1 Nxc3 23. bxc3 Nxa2+ 24. Kb2 Nxc3 25. Kxc3 c5 26. Bc4 cxd4+ 27.
Kb3 b5 28. Bd3 Qd5+ 29. Ka3 b4+ 30. Ka4 Qxh1 31. Qe4 Qxe4 32. Bxe4 a5 33. Bd5
Rfe8 34. e7+ Kh8 35. Bxa8 Rxa8 36. Kb5 Kg8 37. Kc4 Kf7 38. h5 Ra7 0-1

[Event "XXIII Festival A"]
[Site "Porto San Giorgio ITA"]
[Date "2011.08.26"]
[Round "7"]
[White "Cristiani, Cesare"]
[Black "Villani, Cristian"]
[Result "1/2-1/2"]
[WhiteElo "2158"]
[BlackElo "2056"]
[PlyCount "82"]
[EventDate "2011.08.21"]

1. d4 d5 2. c4 c6 3. Nc3 Nf6 4. cxd5 cxd5 5. Nf3 Nc6 6. Bf4 a6 7. e3 Bg4 8. Be2
e6 9. O-O Bd6 10. Ne5 Bxe2 11. Qxe2 Rc8 12. Nd3 Bxf4 13. Nxf4 O-O 14. Nd3 Nd7
15. f4 Nf6 16. Rac1 Qe7 17. Nc5 Rfd8 18. g4 Rc7 19. g5 Nd7 20. N3a4 Ncb8 21.
Rc3 Nxc5 22. Nxc5 Rdc8 23. Rfc1 Rc6 24. Qe1 Kh8 25. h4 f6 26. Qg3 b6 27. Nd3
Rxc3 28. Rxc3 Rxc3 29. bxc3 f5 30. Qf2 Qa3 31. Qb2 Qxb2 32. Nxb2 Kg8 33. Kf2
Kf7 34. h5 h6 35. Nd3 Nc6 36. Ke2 Ke7 37. Kd2 Kd6 38. Kc2 Kc7 39. Kb2 Kb7 40.
Ka3 Kc7 41. Ka4 Kd6 1/2-1/2

[Event "XXIII Festival A"]
[Site "Porto San Giorgio ITA"]
[Date "2011.08.26"]
[Round "7"]
[White "De Carlo, Fabio"]
[Black "Vuelban, Virgilio"]
[Result "0-1"]
[WhiteElo "2044"]
[BlackElo "2357"]
[PlyCount "92"]
[EventDate "2011.08.21"]

1. e4 c5 2. Nf3 e6 3. d4 cxd4 4. Nxd4 a6 5. c4 Nf6 6. Nc3 Qc7 7. Be3 Bb4 8. Bd3
Bxc3+ 9. bxc3 d6 10. O-O Nbd7 11. f4 Nc5 12. e5 dxe5 13. fxe5 Qxe5 14. Bf4 Qh5
15. Be2 Qg6 16. Bd6 Nce4 17. Bd3 Qg5 18. Bb4 Qe3+ 19. Kh1 Nf2+ 20. Rxf2 Qxf2
21. Nb3 Bd7 22. Na5 Ra7 23. Be2 Qf4 24. Qg1 b6 25. Qxb6 Qc7 26. Qd4 e5 27. Qe3
Ba4 28. Bf3 Nd7 29. Bd5 Nb6 30. Re1 Nxd5 31. cxd5 f6 32. Nc4 a5 33. Bc5 Ra6 34.
Nb6 Bd7 35. Nc4 Kf7 36. Rf1 Re8 37. Nd2 Kg8 38. Ne4 f5 39. Ng5 h6 40. Nf3 f4
41. Qe2 Qxc5 42. Qxa6 Qxd5 43. Qg6 Qxa2 44. Qe4 Qe6 45. Nd2 Bc6 46. Qd3 e4 0-1

[Event "XXIII Festival A"]
[Site "Porto San Giorgio ITA"]
[Date "2011.08.26"]
[Round "7"]
[White "Della Sala, Bruno"]
[Black "Ripa', Daniele"]
[Result "0-1"]
[WhiteElo "1818"]
[BlackElo "1966"]
[PlyCount "100"]
[EventDate "2011.08.21"]

1. e4 c5 2. d4 cxd4 3. c3 Nf6 4. e5 Nd5 5. Nf3 e6 6. cxd4 d6 7. Bc4 Nc6 8. O-O
Be7 9. exd6 Qxd6 10. Nc3 Nxc3 11. bxc3 b6 12. a4 O-O 13. Ba3 Qc7 14. Bxe7 Nxe7
15. Qd3 Bb7 16. Ne5 Rac8 17. Rac1 Nc6 18. Ba6 Nxe5 19. dxe5 Rfd8 20. Qe2 Bxa6
21. Qxa6 Rd5 22. Rfe1 Ra5 23. Qd3 Rxe5 24. Rxe5 Qxe5 25. Qd7 Qc7 26. Rd1 h6 27.
Qxc7 Rxc7 28. g3 Kf8 29. Rd3 Ke7 30. Kf1 a5 31. Rd1 Rxc3 32. Rb1 Rc6 33. Ke2
Rd6 34. Ke3 Kd7 35. Rc1 Rc6 36. Rb1 Rd6 37. Rc1 f6 38. f4 Rd5 39. Rc2 b5 40.
axb5 Rxb5 41. Ke4 a4 42. Ra2 Ra5 43. Kd4 a3 44. Kc4 Kc6 45. Kb4 Ra7 46. Kb3 Kd5
47. Rd2+ Ke4 48. Ka2 e5 49. fxe5 fxe5 50. Re2+ Kd4 0-1

[Event "XXIII Festival A"]
[Site "Porto San Giorgio ITA"]
[Date "2011.08.26"]
[Round "7"]
[White "Di Mantino, Mauro"]
[Black "Rinaudo, Andrea"]
[Result "0-1"]
[WhiteElo "1954"]
[BlackElo "2090"]
[PlyCount "54"]
[EventDate "2011.08.21"]

1. d4 Nf6 2. Nf3 d5 3. Bf4 g6 4. e3 Bg7 5. Nbd2 O-O 6. Be2 Nbd7 7. Ne5 Nxe5 8.
Bxe5 Bf5 9. g4 Be6 10. h4 Nd7 11. Bxg7 Kxg7 12. f4 c5 13. c3 Rc8 14. Bd3 f5 15.
Nf3 Qb6 16. gxf5 Bxf5 17. Bxf5 Rxf5 18. Qb3 Qe6 19. Ne5 cxd4 20. exd4 Rxf4 21.
O-O-O Nxe5 22. dxe5 Qxe5 23. Rhe1 Re4 24. Rxe4 dxe4 25. Qxb7 Rc7 26. Qb4 e3 27.
Qd4 Rc5 0-1

[Event "XXIII Festival A"]
[Site "Porto San Giorgio ITA"]
[Date "2011.08.26"]
[Round "7"]
[White "Dieli, Riccardo"]
[Black "De Nisi, Giuseppe"]
[Result "1-0"]
[WhiteElo "1897"]
[BlackElo "1818"]
[PlyCount "51"]
[EventDate "2011.08.21"]

1. Nf3 d6 2. d4 Bg4 3. h3 Bxf3 4. exf3 e5 5. dxe5 dxe5 6. Bd3 Nd7 7. O-O Nc5 8.
Re1 Nxd3 9. cxd3 f6 10. f4 Bd6 11. d4 Kf7 12. fxe5 Be7 13. Qb3+ Kf8 14. Be3 b6
15. Nc3 fxe5 16. dxe5 c6 17. Rad1 Qc7 18. Qe6 Rd8 19. Rxd8+ Qxd8 20. Qxc6 Kf7
21. Rd1 Qe8 22. Rd7 g6 23. Bg5 Kg7 24. Ne4 h6 25. Bxe7 Nxe7 26. Qf6+ 1-0

[Event "XXIII Festival A"]
[Site "Porto San Giorgio ITA"]
[Date "2011.08.26"]
[Round "7"]
[White "Dietrich, Stefano"]
[Black "Mantovani, Enrico"]
[Result "1/2-1/2"]
[WhiteElo "1857"]
[BlackElo "1758"]
[PlyCount "98"]
[EventDate "2011.08.21"]

1. Nf3 c6 2. c4 d5 3. b3 Nf6 4. Bb2 Nbd7 5. g3 e6 6. Bg2 Be7 7. O-O O-O 8. d3
b6 9. cxd5 cxd5 10. Qd2 Bb7 11. Na3 Rc8 12. Rac1 Nc5 13. Nb5 a6 14. Nbd4 b5 15.
Ne5 Qb6 16. Ndf3 b4 17. Bd4 Qb5 18. Qb2 h6 19. Rc2 a5 20. Rfc1 Rfd8 21. Qa1 Na6
22. e3 Rxc2 23. Rxc2 Rc8 24. Rxc8+ Bxc8 25. Qc1 Bb7 26. Ba7 Bc5 27. Bxc5 Qxc5
28. Qxc5 Nxc5 29. Nd4 a4 30. bxa4 Nxa4 31. Nec6 Bxc6 32. Nxc6 b3 33. axb3 Nc5
34. b4 Nxd3 35. Bf1 Nb2 36. Bb5 Nc4 37. Ne7+ Kf8 38. Nc8 Ne8 39. Kf1 Ncd6 40.
Nxd6 Nxd6 41. Ba4 Ke7 42. f3 Nc4 43. Ke2 Kd6 44. Be8 f6 45. Kd3 d4 46. h4 g5
47. Bb5 Nb6 48. f4 Nc8 49. fxg5 fxg5 1/2-1/2

[Event "XXIII Festival A"]
[Site "Porto San Giorgio ITA"]
[Date "2011.08.26"]
[Round "7"]
[White "Dobboletta, Alex"]
[Black "Allegranti, Luca"]
[Result "1-0"]
[WhiteElo "1910"]
[BlackElo "2025"]
[PlyCount "101"]
[EventDate "2011.08.21"]

1. e4 e6 2. Qe2 c5 3. Nf3 Nc6 4. g3 g6 5. Bg2 Bg7 6. O-O Nge7 7. c3 O-O 8. d4
cxd4 9. cxd4 Nxd4 10. Nxd4 Bxd4 11. Rd1 Qb6 12. Nc3 Nc6 13. Bf4 Bg7 14. Be3 Qb4
15. Qd2 b6 16. a3 Qb3 17. f4 Na5 18. e5 Nc4 19. Qe2 Rb8 20. Rab1 Rd8 21. Bc6 d5
22. Ba4 Nxe3 23. Bxb3 Nxd1 24. Qxd1 Bf8 25. Ne4 Ba6 26. Nf6+ Kg7 27. h4 Bc5+
28. Kh2 Bb7 29. Rc1 d4 30. Qd3 Rbc8 31. Ba4 a5 32. Bb5 h5 33. Ne4 Be7 34. Rxc8
Bxc8 35. Nf2 Bb7 36. Ba6 Bc6 37. Qc4 Bf3 38. Nd3 Bd5 39. Qc7 Kf8 40. Qxb6 Ra8
41. Bb5 Rc8 42. Ba4 Kg7 43. Qxa5 Ra8 44. Qb5 Be4 45. Bd1 Bxa3 46. bxa3 Rxa3 47.
Bc2 Rc3 48. Qb1 Bf5 49. Kg2 Bg4 50. Kf2 Bf5 51. Ke2 1-0

[Event "XXIII Festival A"]
[Site "Porto San Giorgio ITA"]
[Date "2011.08.26"]
[Round "7"]
[White "Franzini, Stefano"]
[Black "Briffault, Philippe"]
[Result "0-1"]
[WhiteElo "1848"]
[BlackElo "1955"]
[PlyCount "100"]
[EventDate "2011.08.21"]

1. Nf3 Nf6 2. g3 g6 3. Bg2 Bg7 4. d4 O-O 5. c4 d6 6. O-O c6 7. Nc3 Nbd7 8. a4
a5 9. Re1 Qc7 10. e4 e5 11. d5 h6 12. Be3 Ng4 13. Qd2 Nxe3 14. Rxe3 c5 15. Nb5
Qb8 16. Nh4 Nb6 17. b3 Kh7 18. Rf1 f5 19. Rd3 Bd7 20. Nc3 Qd8 21. h3 Qe7 22.
Kh2 Nc8 23. Nf3 Qe8 24. Ng1 Ne7 25. f3 Ng8 26. Nce2 h5 27. Nc3 Qe7 28. Qc2 Bh6
29. Nd1 Rf7 30. Nc3 Raf8 31. Rdd1 h4 32. g4 Bf4+ 33. Kh1 Bc8 34. Rb1 Qg5 35.
Rfd1 Nh6 36. Nb5 Rd8 37. Nc3 Ng8 38. Qd3 Nf6 39. Nge2 Bg3 40. Nxg3 hxg3 41. Ne2
Qh4 42. Ng1 Kg7 43. Rbc1 Rh8 44. Rc2 fxg4 45. fxg4 Nxg4 46. Nf3 Qh5 47. Kg1 Nf2
48. Qe2 Nxh3+ 49. Bxh3 Bxh3 50. Re1 Rxf3 0-1

[Event "XXIII Festival A"]
[Site "Porto San Giorgio ITA"]
[Date "2011.08.26"]
[Round "7"]
[White "Giampieri, Stefano"]
[Black "Benaglia, Giovanni"]
[Result "1-0"]
[WhiteElo "1847"]
[BlackElo "1978"]
[PlyCount "83"]
[EventDate "2011.08.21"]

1. d4 e6 2. c4 b6 3. Nc3 Bb4 4. Qc2 Bb7 5. a3 Bxc3+ 6. Qxc3 Nf6 7. f3 Nh5 8.
Be3 O-O 9. O-O-O f5 10. Bf2 d6 11. e3 Nd7 12. Ne2 Qe8 13. Ng3 e5 14. Bd3 e4 15.
Be2 Ndf6 16. Nxf5 exf3 17. gxf3 Nf4 18. Qe1 Nxe2+ 19. Qxe2 Qh5 20. Qc2 Bxf3 21.
Rdg1 Be4 22. Nxg7 Qf7 23. Ne6+ Kh8 24. Ng5 Bxc2 25. Nxf7+ Rxf7 26. Kxc2 Ne4 27.
Bg3 Nf2 28. Bxf2 Rxf2+ 29. Kc3 Rg8 30. Rxg8+ Kxg8 31. h4 Re2 32. Rh3 Kf7 33. b3
Kg6 34. Rg3+ Kf5 35. Rg7 Rxe3+ 36. Kb4 a5+ 37. Ka4 c6 38. Rb7 b5+ 39. cxb5
cxb5+ 40. Rxb5+ Kf4 41. h5 Re4 42. Rd5 1-0